| 000 | 00408nam a2200169Ia 4500 | ||
|---|---|---|---|
| 008 | 210210b1909 xxu||||| |||| 00| 0 eng d | ||
| 041 | _aeng | ||
| 082 | _a543/97 | ||
| 100 | _aJAGO (William) | ||
| 245 | _aInorganic chemistry | ||
| 260 |
_aNew York _bLongman Green & Co Ltd., _c1909 |
||
| 300 | _a476 | ||
| 650 | _aInorganic | ||
| 650 | _achemistry | ||
| 690 | _aAnalytical Chemistry | ||
| 906 | _a009509 | ||
| 999 |
_c126972 _d126972 |
||